Mở đầu về lý thuyết xác suất và các ứng dụng : Giáo trình dùng cho các trường đại học và cao đẳng /
Tallennettuna:
| Päätekijä: | |
|---|---|
| Aineistotyyppi: | Sách giấy |
| Kieli: | Vietnamese |
| Julkaistu: |
H. :
Giáo dục ,
1997.
|
| Aiheet: | |
| Tagit: |
Lisää tagi
Ei tageja, Lisää ensimmäinen tagi!
|
| Thư viện lưu trữ: | Thư viện Trường Đại học Đà Lạt |
|---|
| LEADER | 00682nam a2200241 4500 | ||
|---|---|---|---|
| 001 | DLU020009846 | ||
| 005 | ##19991104 | ||
| 041 | # | # | |a vie |
| 082 | # | # | |a 519.2 |b DA-T |
| 100 | # | # | |a Đặng Hùng Thắng. |
| 245 | # | # | |a Mở đầu về lý thuyết xác suất và các ứng dụng : |b Giáo trình dùng cho các trường đại học và cao đẳng / |c Đặng Hùng Thắng. |
| 260 | # | # | |a H. : |b Giáo dục , |c 1997. |
| 300 | # | # | |a 219 tr.; |c 21 cm. |
| 650 | # | # | |a Xác suất |v Giáo trình |
| 992 | # | # | |a 11400 |
| 994 | # | # | |a DLU |
| 900 | # | # | |a False |
| 911 | # | # | |a Administrator |
| 925 | # | # | |a G |
| 926 | # | # | |a A |
| 927 | # | # | |a SH |
| 980 | # | # | |a Thư viện Trường Đại học Đà Lạt |